QPR szoftverek telepítése, integrálása és üzemeltetése egy banki hálózatban

Bibliographic Details
Main Author: Gergelics Dóra
Other Authors: Sándor Ágnes
Format: Thesis
Kulcsszavak:QPR
Szoftverüzemeltetés
Banki hálózat
Online Access:http://dolgozattar.uni-bge.hu/9166

MARC

LEADER 00000nta a2200000 i 4500
001 dolg9166
005 20161216123709.0
008 161216suuuu hu om 000 hun d
040 |a BGE Dolgozattár Repozitórium  |b hun 
041 |a hu 
100 1 |a Gergelics Dóra 
245 1 0 |a QPR szoftverek telepítése, integrálása és üzemeltetése egy banki hálózatban  |c Gergelics Dóra  |h [elektronikus dokumentum] 
695 |a QPR 
695 |a Szoftverüzemeltetés 
695 |a Banki hálózat 
700 1 |a Sándor Ágnes  |e ths 
856 4 0 |u http://dolgozattar.uni-bge.hu/9166/3/Nyilatkozat_GergelicsDora.pdf  |z Dokumentum-elérés 
856 4 0 |u http://dolgozattar.uni-bge.hu/9166/4/Titkositasi-kerelem_GergelicsDora.pdf  |z Dokumentum-elérés 
856 4 0 |u http://dolgozattar.uni-bge.hu/9166/5/Szakdolgozat_GergelicsDora_DQX00Z.pdf  |z Dokumentum-elérés